Score 0/84 Timer 10:00
0 Plays Today
Group Capital % Correct
Group IAnkara
95.8%
Group IBogota
91%
Group IIWashington DC
85.2%
Group IIPyongyang
78.2%
Group IPristina
76.4%
Group IIAddis Ababa
76.2%
Group IChisinau
76%
Group IIIHanoi
75.6%
Group IIISan Salvador
75%
Group IVAmsterdam
73%
Group IIKhartoum
72.8%
Group IDili
72.2%
Group IIIDhaka
68.6%
Group INiamey
68.4%
Group IIBrazzaville
65.8%
Group IIVientiane
65.8%
Group VVilnius
65.6%
Group VKathmandu
61.6%
Group VIGuatemala City
61.2%
Group VIIIBeijing
60.8%
Group IIIAbuja
60.6%
Group VSao Tome
60.2%
Group IIIKampala
59.4%
Group IVWindhoek
59.4%
Group VValletta
58.6%
Group IXJerusalem
58.6%
Group IVTashkent
57.8%
Group VIIAlgiers
57.2%
Group Capital % Correct
Group VIIIRiga
56%
Group IXReykjavik
55.8%
Group VISanto Domingo
55.6%
Group VITegucigalpa
52.4%
Group VIITbilisi
52.4%
Group IVAsmara
51.6%
Group VIPort of Spain
50%
Group XBucharest
50%
Group XICopenhagen
50%
Group IVApia
49.4%
Group VIOuagadougou
49.2%
Group VIIIPhnom Penh
49%
Group XAndorra La Vella
48.6%
Group XMontevideo
48.6%
Group VIIAntananarivo
48.4%
Group IKIGALI
48.2%
Group IVRoseau
48.2%
Group VIBandar Seri Begawan
47.6%
Group VIIBishkek
47.4%
Group IXLjubljana
46.8%
Group XVaduz
46.4%
Group XITallinn
44.8%
Group IIRIYADH
44.4%
Group XIIJakarta
44.4%
Group VYamoussoukro
44%
Group VIIN'Djamena
44%
Group XIINairobi
44%
Group IXParamaribo
43.6%
Group Capital % Correct
Group IIISKOPJE
43.2%
Group VNouakchott
42.6%
Group VIIIThimphu
42.6%
Group VIIDushanbe
42.2%
Group XIISarajevo
42.2%
Group IXPodgorica
41.8%
Group XManagua
41.8%
Group IIIMelekeok
40.4%
Group IVTARAWA
40%
Group VIIIBujumbura
39.6%
Group VIIILibreville
39.4%
Group IXPorto Novo
36.8%
Group XIMaputo
34.2%
Group VMUSCAT
31.6%
Group XIGaborone
31.4%
Group XIAshgabat
29.8%
Group XMalabo
29.2%
Group VIIDUBLIN
29%
Group VIIIMAJURO
28.2%
Group XIIConakry
28%
Group XZAGREB
27.8%
Group XIICastries
25.6%
Group XINuku Alofa
25%
Group XIIFunafuti
23.4%
Group XITIRANA
16.6%
Group VIBANGUI
14.2%
Group XIIBEIRUT
13.4%
Group IXBAMAKO
10%
Remove Ads.
Support Sporcle.
Get the best of Sporcle when you Go Orange. This ad-free experience offers more features, more stats, and more fun while also helping to support Sporcle. Thank you for becoming a member.

You're not logged in!

Compare scores with friends on all Sporcle quizzes.
OR
Log In

Show Comments

Extras

Created Nov 11, 2010ReportNominate
Tags:Capital Quiz, caps-

Top Quizzes Today


Score Distribution

Your Account Isn't Verified!

In order to create a playlist on Sporcle, you need to verify the email address you used during registration. Go to your Sporcle Settings to finish the process.

Report this User

Report this user for behavior that violates our Community Guidelines.

Details: